<?xml version="1.0" encoding="UTF-8"?><?xml-stylesheet type="text/xsl" href="static/style.xsl"?><OAI-PMH xmlns="http://www.openarchives.org/OAI/2.0/" xmlns:xsi="http://www.w3.org/2001/XMLSchema-instance" xsi:schemaLocation="http://www.openarchives.org/OAI/2.0/ http://www.openarchives.org/OAI/2.0/OAI-PMH.xsd"><responseDate>2026-04-17T11:35:54Z</responseDate><request verb="GetRecord" identifier="oai:www.recercat.cat:10230/57973" metadataPrefix="marc">https://recercat.cat/oai/request</request><GetRecord><record><header><identifier>oai:recercat.cat:10230/57973</identifier><datestamp>2025-12-23T20:54:30Z</datestamp><setSpec>com_2072_6</setSpec><setSpec>col_2072_452954</setSpec></header><metadata><record xmlns="http://www.loc.gov/MARC21/slim" xmlns:dcterms="http://purl.org/dc/terms/" xmlns:xsi="http://www.w3.org/2001/XMLSchema-instance" xmlns:doc="http://www.lyncode.com/xoai" xsi:schemaLocation="http://www.loc.gov/MARC21/slim http://www.loc.gov/standards/marcxml/schema/MARC21slim.xsd">
   <leader>00925njm 22002777a 4500</leader>
   <datafield ind2=" " ind1=" " tag="042">
      <subfield code="a">dc</subfield>
   </datafield>
   <datafield ind2=" " ind1=" " tag="720">
      <subfield code="a">Jacques, Paolo Huari</subfield>
      <subfield code="e">author</subfield>
   </datafield>
   <datafield ind2=" " ind1=" " tag="260">
      <subfield code="c">2023-09-26T18:18:02Z</subfield>
   </datafield>
   <datafield ind2=" " ind1=" " tag="260">
      <subfield code="c">2023-09-26T18:18:02Z</subfield>
   </datafield>
   <datafield ind2=" " ind1=" " tag="260">
      <subfield code="c">2023-09-26</subfield>
   </datafield>
   <datafield ind2=" " ind1=" " tag="520">
      <subfield code="a">Màster Universitari en Recerca en Comunicació. Tutor: Francisco Xavier Ruiz Collantes</subfield>
   </datafield>
   <datafield ind2=" " ind1=" " tag="520">
      <subfield code="a">El siguiente Trabajo explora la polarización interna del partido gobernante en Bolivia, el MASIPSP, desde la mirada de los periódicos de La Razón y Página Siete. En un primer momento,&#xd;
examinamos el contexto político, entendiendo las transformaciones y complejidades del MASIPSP, desde su nacimiento en las fuerzas emergentes de los movimientos sociales indígenas de&#xd;
finales de los 90’s hasta su establecimiento como partido político hegemónico en la actualidad.&#xd;
Posteriormente indagaremos sobre la lógica mediática como agente moldeador de realidades y&#xd;
escenario en el que las acciones políticas se hacen sociales y visibles. Una vez hayamos&#xd;
contextualizado, el trabajo pretenderá dar respuestas académicas al problema de estudio mediante&#xd;
la utilización de la semiótica narratica y del cuadrado ideológico para analizar y profundizar&#xd;
sobre los relatos que los medios construyen sobre el conflicto interno del partido de izquierda&#xd;
boliviano.</subfield>
   </datafield>
   <datafield tag="653" ind2=" " ind1=" ">
      <subfield code="a">Polarization</subfield>
   </datafield>
   <datafield tag="653" ind2=" " ind1=" ">
      <subfield code="a">Political discourse</subfield>
   </datafield>
   <datafield tag="653" ind2=" " ind1=" ">
      <subfield code="a">Ideology</subfield>
   </datafield>
   <datafield tag="653" ind2=" " ind1=" ">
      <subfield code="a">Populism</subfield>
   </datafield>
   <datafield tag="653" ind2=" " ind1=" ">
      <subfield code="a">Bolivia</subfield>
   </datafield>
   <datafield tag="653" ind2=" " ind1=" ">
      <subfield code="a">MAS-IPSP</subfield>
   </datafield>
   <datafield ind2="0" ind1="0" tag="245">
      <subfield code="a">Polarización interna en el MAS-IPSP en Bolivia: Análisis comparativo de las narrativas de los periódicos de La Razón y Página Siete</subfield>
   </datafield>
</record></metadata></record></GetRecord></OAI-PMH>